[Event "Prva liga Centralne Srbije 2010"]
[Site "Valjevo"]
[Date "2010.09.22"]
[Round "7.1"]
[White "Boskovic, Drasko"]
[Black "Ristic, Nebojsa M"]
[Result "1/2-1/2"]
[WhiteElo "2417"]
[BlackElo "2377"]
[PlyCount "32"]
[EventDate "2010.09.18"]

1. d4 c5 2. d5 d6 3. e4 Nf6 4. Nc3 a6 5. a4 g6 6. f4 Bg7 7. Nf3 O-O 8. Be2 e6
9. O-O exd5 10. e5 Ne8 11. Nxd5 Nc6 12. Be3 Bf5 13. exd6 Qxd6 14. Nb6 Qe7 15.
Nd5 Qd6 16. Nb6 Qe7 1/2-1/2

[Event "Prva liga Centralne Srbije 2010"]
[Site "Valjevo"]
[Date "2010.09.22"]
[Round "7.1"]
[White "Djokic, Nenad"]
[Black "Stankovic, Milos"]
[Result "1/2-1/2"]
[WhiteElo "2374"]
[BlackElo "2315"]
[PlyCount "73"]
[EventDate "2010.09.18"]

1. d4 Nf6 2. Nf3 e6 3. c4 b6 4. g3 Ba6 5. Qa4 Bb7 6. Bg2 c5 7. dxc5 bxc5 8. O-O
Be7 9. Nc3 O-O 10. Rd1 Qb6 11. Bf4 Rd8 12. Qb5 d6 13. Rd2 Ne8 14. Rad1 Nd7 15.
Ne1 Rab8 16. Qxb6 Nxb6 17. b3 Bxg2 18. Kxg2 a6 19. e4 f6 20. Be3 g6 21. f4 Nc7
22. g4 f5 23. gxf5 gxf5 24. Nd3 fxe4 25. Nxe4 d5 26. cxd5 Ncxd5 27. Kf3 Nxe3
28. Kxe3 c4 29. Ne5 Rxd2 30. Nxd2 cxb3 31. axb3 Nd5+ 32. Kf3 Rb4 33. Nec4 Bf6
34. Re1 Bc3 35. Rxe6 Bxd2 36. Nxd2 Rxf4+ 37. Kg3 1/2-1/2

[Event "Prva liga Centralne Srbije 2010"]
[Site "Valjevo"]
[Date "2010.09.22"]
[Round "7.1"]
[White "Krstic, Petar"]
[Black "Stankovic, Dragan P"]
[Result "1-0"]
[WhiteElo "2347"]
[BlackElo "2287"]
[PlyCount "115"]
[EventDate "2010.09.18"]

1. e4 c5 2. Nf3 e6 3. d4 cxd4 4. Nxd4 Nf6 5. Nc3 Nc6 6. Ndb5 d6 7. Bf4 e5 8.
Bg5 a6 9. Na3 b5 10. Nd5 Be7 11. Nxe7 Nxe7 12. Bd3 Bb7 13. Bxf6 gxf6 14. Qh5 d5
15. O-O-O Qc7 16. exd5 Bxd5 17. Qh6 Qc6 18. f3 Rg8 19. Qd2 O-O-O 20. Qb4 Qb7
21. Rhg1 f5 22. Qc5+ Qc7 23. Bxf5+ Nxf5 24. Rxd5 Nd4 25. Rxd8+ Rxd8 26. Qxc7+
Kxc7 27. Re1 Rg8 28. c3 Nc6 29. g3 Rg6 30. Nc2 Rf6 31. Rf1 Kd6 32. Ne3 Ke6 33.
Kd2 Rh6 34. h4 f5 35. f4 Ne7 36. Ke2 Rg6 37. Kf2 exf4 38. gxf4 Rg8 39. h5 Rd8
40. Ke2 Ng8 41. Nc2 Kf6 42. Nb4 Rd6 43. Rd1 Ke6 44. Rxd6+ Kxd6 45. Nxa6 Nf6 46.
h6 Ng4 47. Nb4 Nxh6 48. Nc2 Kd5 49. Kf3 Nf7 50. Ne3+ Ke6 51. c4 Nd6 52. cxb5
Nxb5 53. Ke2 h5 54. a4 Nc7 55. b4 h4 56. Kf3 h3 57. Kg3 Kd7 58. Kxh3 1-0

[Event "Prva liga Centralne Srbije 2010"]
[Site "Valjevo"]
[Date "2010.09.22"]
[Round "7.1"]
[White "Djoric, Dusan"]
[Black "Misailovic, Nebojsa"]
[Result "1/2-1/2"]
[WhiteElo "2300"]
[BlackElo "2303"]
[PlyCount "146"]
[EventDate "2010.09.18"]

1. c4 Nf6 2. Nc3 d5 3. cxd5 Nxd5 4. e4 Nxc3 5. bxc3 g6 6. Nf3 Bg7 7. Be2 O-O 8.
O-O c5 9. d4 cxd4 10. cxd4 Nc6 11. Be3 Bg4 12. d5 Bxf3 13. Bxf3 Na5 14. Rc1 b5
15. Be2 a6 16. Bd2 Nb7 17. a4 Nd6 18. Bd3 Qb6 19. axb5 axb5 20. Rc6 Qa7 21. Qe2
Rfd8 22. Bb4 Qd4 23. Bxd6 exd6 24. Bxb5 Rdb8 25. g3 h5 26. Ba6 Rb2 27. Rc2 Rab8
28. Rxb2 Rxb2 29. Qf3 Qa7 30. Bc8 Bd4 31. Kg2 Qc5 32. Bd7 Kg7 33. Be8 Qa7 34.
h4 Kf8 35. Bc6 Qa2 36. Qf4 Be5 37. Qh6+ Kg8 38. Qg5 Kg7 39. Be8 Rb3 40. Kg1 Rf3
41. Qc1 Qb3 42. Qe1 Qd3 43. Kg2 Qa3 44. Bb5 Rb3 45. Be2 Rc3 46. f4 Bd4 47. Rf3
Be3 48. Bd1 Qc5 49. f5 Qd4 50. fxg6 fxg6 51. Kh3 Rd3 52. Qe2 Rxd1 53. Qxe3 Qxe3
54. Rxe3 Kf6 55. Kg2 Ke5 56. Kf3 Rf1+ 57. Ke2 Ra1 58. Kf3 Rf1+ 59. Ke2 Rb1 60.
Kf3 Rb4 61. Re1 Rb2 62. Re2 Rb1 63. Ra2 Rf1+ 64. Ke2 Rb1 65. Ra4 Rb3 66. Kf2
Rd3 67. Rb4 Ra3 68. Rc4 Ra2+ 69. Kf3 Ra3+ 70. Kf2 Ra2+ 71. Kf3 Ra3+ 72. Kf2
Ra2+ 73. Kf3 Ra3+ 1/2-1/2

[Event "Prva liga Centralne Srbije 2010"]
[Site "Valjevo"]
[Date "2010.09.22"]
[Round "7.1"]
[White "Civric, Zdravko"]
[Black "Jokovic, Dragan"]
[Result "1-0"]
[WhiteElo "2204"]
[BlackElo "2193"]
[PlyCount "139"]
[EventDate "2010.09.18"]

1. e4 c5 2. Nf3 Nc6 3. Nc3 d6 4. d4 cxd4 5. Nxd4 e5 6. Nf3 Nf6 7. Bg5 Be7 8.
Bxf6 Bxf6 9. Nd5 Bg4 10. c3 O-O 11. Be2 Bxf3 12. Bxf3 Bg5 13. Bg4 Ne7 14. O-O
Nxd5 15. Qxd5 Qb6 16. b4 Qc6 17. Qd3 g6 18. Rfd1 Rad8 19. a4 h5 20. Bh3 Qb6 21.
a5 Qc7 22. Ra3 Be7 23. a6 b6 24. Qd5 Rb8 25. c4 Kg7 26. Rf3 b5 27. cxb5 Rb6 28.
g3 Bf6 29. Ra3 Rfb8 30. Bf1 Rc8 31. Bh3 Rcb8 32. Bf1 Rc8 33. Kg2 Bg5 34. h4 Bf6
35. Raa1 Qd7 36. Rac1 g5 37. Rxc8 Qxc8 38. Bc4 Qc7 39. hxg5 Bxg5 40. Rh1 Kg6
41. Be2 h4 42. gxh4 Bf4 43. h5+ Kg7 44. Rh4 Rb8 45. Rg4+ Kf6 46. Bc4 Rc8 47.
Bb3 Qd7 48. Bd1 Bg5 49. Rg3 Rc7 50. Bg4 Qd8 51. Rd3 Ke7 52. Ra3 Qb8 53. Rd3 Qd8
54. b6 axb6 55. Ra3 Qb8 56. b5 Bf4 57. Qa2 Qg8 58. Qe2 Qa8 59. Bf5 Bc1 60. Ra2
Bh6 61. Rc2 Qg8+ 62. Kf1 Rc5 63. Rxc5 bxc5 64. a7 Qa8 65. b6 d5 66. exd5 Kf6
67. Be4 Qc8 68. Qf3+ Bf4 69. d6 Qa6+ 70. Kg2 1-0

[Event "Prva liga Centralne Srbije 2010"]
[Site "Valjevo"]
[Date "2010.09.22"]
[Round "7.2"]
[White "Rusev, Krasimir"]
[Black "Radovanovic, Jovica"]
[Result "1-0"]
[WhiteElo "2524"]
[BlackElo "2305"]
[PlyCount "83"]
[EventDate "2010.09.18"]

1. d4 Nf6 2. c4 g6 3. Nc3 Bg7 4. e4 d6 5. Nf3 O-O 6. Be2 e5 7. Be3 Ng4 8. Bg5
f6 9. Bh4 Nc6 10. d5 Ne7 11. Nd2 Nh6 12. f3 Nf7 13. Qc2 c5 14. a3 Kh8 15. b4 b6
16. Rb1 g5 17. Bf2 f5 18. Nb3 f4 19. Na2 Ng6 20. Nac1 Bf6 21. Nd3 Nh4 22. g4
Rg8 23. Kd2 Bd7 24. Qc3 Rc8 25. Rb2 Qe7 26. Ra1 h5 27. h3 Rg6 28. a4 Nh6 29. a5
hxg4 30. hxg4 Nxf3+ 31. Bxf3 Bxg4 32. Bxg4 Nxg4 33. axb6 axb6 34. bxc5 bxc5 35.
Rba2 Nh6 36. Kc2 Rc7 37. Nd2 g4 38. Ra6 f3 39. Bxc5 Rd7 40. Bf2 Bh4 41. Bxh4
Qxh4 42. c5 1-0

[Event "Prva liga Centralne Srbije 2010"]
[Site "Valjevo"]
[Date "2010.09.22"]
[Round "7.2"]
[White "Pantelic, Sasa"]
[Black "Radovanovic, Dusan"]
[Result "1/2-1/2"]
[WhiteElo "2359"]
[BlackElo "2387"]
[PlyCount "23"]
[EventDate "2010.09.18"]

1. e4 c5 2. Nf3 d6 3. c3 Nf6 4. Bc4 e6 5. Qe2 a6 6. Bb3 Be7 7. d4 cxd4 8. cxd4
d5 9. e5 Nfd7 10. O-O Nc6 11. Nc3 Nb6 12. Na4 1/2-1/2

[Event "Prva liga Centralne Srbije 2010"]
[Site "Valjevo"]
[Date "2010.09.22"]
[Round "7.2"]
[White "Radivojevic, Ivan"]
[Black "Misojcic, Miroslav"]
[Result "1-0"]
[WhiteElo "2361"]
[BlackElo "2248"]
[PlyCount "122"]
[EventDate "2010.09.18"]

1. e4 c5 2. Nc3 Nc6 3. g3 e6 4. Bg2 Nf6 5. d3 d5 6. exd5 Nxd5 7. Nxd5 exd5 8.
Ne2 d4 9. O-O Bd6 10. Bf4 O-O 11. h3 Ne5 12. b4 cxb4 13. Nxd4 Ng6 14. Bxd6 Qxd6
15. Nb3 Be6 16. Bxb7 Bxh3 17. Bxa8 Bxf1 18. Qxf1 Rxa8 19. Qe2 Rc8 20. d4 Qd5
21. a3 a5 22. axb4 axb4 23. Ra5 Qd7 24. Qe4 Rd8 25. Ra8 Nf8 26. Rxd8 Qxd8 27.
d5 h5 28. Nd4 Qd6 29. Nf5 Qc5 30. Ne7+ Kh8 31. Qe5 Qxc2 32. Qxh5+ Nh7 33. Qxf7
Nf6 34. Ng6+ Kh7 35. Nf8+ Kh6 36. Ne6 Qd1+ 37. Kh2 Qh5+ 38. Qxh5+ Kxh5 39. d6
b3 40. Nf4+ Kg5 41. Nd3 Kf5 42. Kg2 Ke6 43. Nc5+ Kxd6 44. Nxb3 Ke5 45. Kf3 g5
46. g4 Nd5 47. Nd2 Kf6 48. Ke4 Nc3+ 49. Kd3 Nb5 50. Ne4+ Kg6 51. Kc4 Nc7 52.
Kd4 Ne6+ 53. Ke5 Nf4 54. Nc5 Nh3 55. Nd3 Ng1 56. Ke6 Nh3 57. Ne5+ Kh6 58. f3
Kh7 59. Kf6 Kg8 60. Nf7 Ng1 61. Nxg5 Ne2 1-0

[Event "Prva liga Centralne Srbije 2010"]
[Site "Valjevo"]
[Date "2010.09.22"]
[Round "7.2"]
[White "Misic, Dragan"]
[Black "Zivkovic, Ivan B"]
[Result "0-1"]
[WhiteElo "2300"]
[BlackElo "2327"]
[PlyCount "73"]
[EventDate "2010.09.18"]

1. d4 d5 2. Nf3 Nf6 3. c4 c6 4. e3 Bf5 5. Nc3 e6 6. Be2 Nbd7 7. O-O Bd6 8. b3
O-O 9. Bb2 Re8 10. Re1 h6 11. a3 a5 12. Qd2 Qe7 13. g3 dxc4 14. bxc4 e5 15. Nh4
Bh7 16. c5 Bc7 17. Bc4 Rad8 18. Qe2 Nf8 19. Rad1 Ne6 20. Nf3 exd4 21. exd4 Qf8
22. Qf1 Bc2 23. Rd2 Bf5 24. Nh4 Ng5 25. Re3 Bh3 26. Qd1 Rxe3 27. fxe3 Qe7 28.
Qe1 Re8 29. e4 Nfxe4 30. Nxe4 Nxe4 31. Re2 Kh7 32. Bxf7 Qxf7 33. Rxe4 Rf8 34.
Ng2 Qf3 35. Re2 Re8 36. Qb1+ Bf5 37. Qf1 0-1

[Event "Prva liga Centralne Srbije 2010"]
[Site "Valjevo"]
[Date "2010.09.22"]
[Round "7.2"]
[White "Bojovic, Dusan"]
[Black "Urosevic, Zoran"]
[Result "1/2-1/2"]
[WhiteElo "2342"]
[BlackElo "2255"]
[PlyCount "66"]
[EventDate "2010.09.18"]

1. e4 c5 2. Nf3 d6 3. d4 cxd4 4. Nxd4 Nf6 5. Nc3 a6 6. Be3 e5 7. Nb3 Be6 8. f3
Nc6 9. Qd2 d5 10. exd5 Nxd5 11. Nxd5 Qxd5 12. Qxd5 Bxd5 13. O-O-O O-O-O 14. Bd3
g6 15. a3 Kc7 16. Rhe1 h5 17. Nc5 f5 18. Bf1 Bxc5 19. Bxc5 Be6 20. Rxd8 Rxd8
21. Rd1 Rxd1+ 22. Kxd1 f4 23. Kd2 Bf5 24. Bd3 Nd8 25. c4 Ne6 26. Bf2 Kc6 27. b4
b5 28. h4 Nf8 29. Bc5 Nd7 30. Bf2 Nf6 31. g3 fxg3 32. Bxg3 e4 33. fxe4 Nxe4+
1/2-1/2

[Event "Prva liga Centralne Srbije 2010"]
[Site "Valjevo"]
[Date "2010.09.22"]
[Round "7.2"]
[White "Micic, Nenad"]
[Black "Toth, Aleksandar"]
[Result "1/2-1/2"]
[WhiteElo "2257"]
[BlackElo "2296"]
[PlyCount "24"]
[EventDate "2010.09.18"]

1. Nf3 d5 2. d4 Nf6 3. c4 e6 4. Nc3 Be7 5. Bg5 h6 6. Bh4 b6 7. e3 O-O 8. Bd3
Bb7 9. O-O Nbd7 10. Qe2 Ne4 11. Bg3 h5 12. h3 Nxg3 1/2-1/2

[Event "Prva liga Centralne Srbije 2010"]
[Site "Valjevo"]
[Date "2010.09.22"]
[Round "7.3"]
[White "Milanovic, Slavisa"]
[Black "Markovic, Zoran S"]
[Result "1-0"]
[WhiteElo "2389"]
[BlackElo "2343"]
[PlyCount "71"]
[EventDate "2010.09.18"]

1. c4 e6 2. Nf3 d5 3. d4 Nf6 4. Nc3 Be7 5. Bf4 O-O 6. e3 c5 7. dxc5 Bxc5 8. a3
Nc6 9. cxd5 Nxd5 10. Nxd5 exd5 11. Rc1 Bd6 12. Bxd6 Qxd6 13. Be2 Qf6 14. b4 Qb2
15. b5 Na5 16. O-O Qxa3 17. Qxd5 Be6 18. Qe4 Qe7 19. Nd4 Rfe8 20. Qf4 Rac8 21.
Rxc8 Rxc8 22. Nxe6 fxe6 23. Bg4 Re8 24. Rc1 e5 25. Qe4 Rd8 26. h3 g6 27. f4 Re8
28. Rc8 Rxc8 29. Bxc8 Kg7 30. fxe5 Qc7 31. Be6 Qc3 32. Qf4 b6 33. Qf6+ Kh6 34.
Qf8+ Kh5 35. Bg4+ Kh4 36. g3+ 1-0

[Event "Prva liga Centralne Srbije 2010"]
[Site "Valjevo"]
[Date "2010.09.22"]
[Round "7.3"]
[White "Nestorovic, Dejan"]
[Black "Sandic, Vladeta"]
[Result "0-1"]
[WhiteElo "2414"]
[BlackElo "2331"]
[PlyCount "196"]
[EventDate "2010.09.18"]

1. d4 Nf6 2. c4 c5 3. d5 g6 4. Nc3 d6 5. e4 Bg7 6. Be2 O-O 7. Nf3 e6 8. Nd2 Re8
9. O-O Na6 10. Kh1 Nc7 11. a4 b6 12. f3 Rb8 13. Ndb1 a6 14. Na3 Qd7 15. Qb3
exd5 16. exd5 Qe7 17. Bd2 Bf5 18. Rae1 Qf8 19. g4 Bd7 20. Bd3 h6 21. Bf4 Kh8
22. Bg3 Rxe1 23. Rxe1 Bc8 24. Ne4 Nxe4 25. Bxe4 f5 26. gxf5 gxf5 27. Bc2 Bd7
28. Bd3 Qf6 29. Re2 f4 30. Be1 Bh3 31. Bc3 Qg5 32. Bxg7+ Kxg7 33. Qd1 Kf7 34.
Qg1 Qf6 35. Nb1 Rg8 36. Qe1 Qg5 37. Qf2 Qh5 38. Nd2 Bg2+ 39. Qxg2 Rxg2 40. Rxg2
Qe5 41. Ne4 Ne8 42. Bf1 Qd4 43. Rg4 Qe5 44. Rg2 Nf6 45. Nxf6 Qxf6 46. Re2 Qd4
47. Kg2 h5 48. b3 Qc3 49. Re4 Kg7 50. Be2 Qxb3 51. Rxf4 Qxa4 52. Re4 Qa2 53.
Kg3 b5 54. cxb5 axb5 55. Bxb5 Qxd5 56. h4 Qd1 57. Bc6 d5 58. Re5 Qg1+ 59. Kh3
Qf1+ 60. Kg3 d4 61. Rxc5 d3 62. Rd5 Qe1+ 63. Kg2 Qe6 64. Rg5+ Kf8 65. Bd5 Qe2+
66. Kg3 d2 67. Bb3 Qe1+ 68. Kh3 d1=Q 69. Bxd1 Qxd1 70. Kg3 Qg1+ 71. Kf4 Qh2+
72. Kf5 Qxh4 73. Kg6 Ke7 74. Re5+ Kd6 75. Rxh5 Qg3+ 76. Kf6 Qxf3+ 77. Rf5 Qe4
78. Kg5 Ke6 79. Rf4 Qe3 80. Kg4 Ke5 81. Rf3 Qe2 82. Kg3 Ke4 83. Rf2 Qe1 84. Kg2
Ke3 85. Rf3+ Ke4 86. Rf2 Qe3 87. Kf1 Qd3+ 88. Kg2 Qd1 89. Kh2 Qg4 90. Ra2 Qh5+
91. Kg1 Qd1+ 92. Kh2 Kf3 93. Rg2 Qd6+ 94. Kh1 Qh6+ 95. Kg1 Qh4 96. Rg6 Qd4+ 97.
Kh2 Qe5+ 98. Kg1 Qc5+ 0-1

[Event "Prva liga Centralne Srbije 2010"]
[Site "Valjevo"]
[Date "2010.09.22"]
[Round "7.3"]
[White "Ivanovic, Dragutin"]
[Black "Lapcevic, Milos"]
[Result "1-0"]
[WhiteElo "2329"]
[BlackElo "2421"]
[PlyCount "97"]
[EventDate "2010.09.18"]

1. d4 Nf6 2. c4 e6 3. Nf3 b6 4. g3 Ba6 5. Qc2 Bb7 6. Bg2 c5 7. d5 exd5 8. Nh4
Be7 9. Nc3 O-O 10. cxd5 d6 11. O-O Na6 12. Nf5 Nc7 13. e4 Nd7 14. Bf4 Ne8 15.
Rfd1 f6 16. Bd2 Nc7 17. Ne2 Re8 18. Nf4 Bf8 19. Bc3 Ne5 20. Ne6 Nxe6 21. dxe6
Rxe6 22. Ne3 Re8 23. f4 Nf7 24. Nd5 Qd7 25. a4 Rac8 26. h3 Bc6 27. g4 Qb7 28.
Qf2 Nd8 29. h4 Qf7 30. Bf3 Ne6 31. f5 Nc7 32. Rd2 Nxd5 33. exd5 Bd7 34. Re2 a6
35. Re6 Bxe6 36. dxe6 Qa7 37. Bd5 Be7 38. Kh2 Qb8 39. g5 Kh8 40. h5 Rg8 41. h6
Rcf8 42. Qh4 Qd8 43. hxg7+ Rxg7 44. Qh6 Qe8 45. Rg1 Qxa4 46. Qxg7+ Kxg7 47.
gxf6+ Kh6 48. Bd2+ Kh5 49. Bf3+ 1-0

[Event "Prva liga Centralne Srbije 2010"]
[Site "Valjevo"]
[Date "2010.09.22"]
[Round "7.3"]
[White "Prelevic, Dusko"]
[Black "Sorgic, Dragan"]
[Result "0-1"]
[WhiteElo "2342"]
[BlackElo "2289"]
[PlyCount "64"]
[EventDate "2010.09.18"]

1. Nf3 Nf6 2. c4 g6 3. b4 Bg7 4. Bb2 d6 5. g3 c5 6. bxc5 dxc5 7. Bg2 O-O 8. O-O
Nc6 9. d3 Qc7 10. Nc3 a6 11. Rb1 Rb8 12. a4 Rd8 13. Qb3 Be6 14. Bc1 Bg4 15. Qa3
b6 16. a5 bxa5 17. Qxc5 Nd7 18. Qa3 Bxf3 19. Rxb8 Qxb8 20. Bxf3 Nd4 21. Nd5 e6
22. Ne7+ Kh8 23. Nc6 Nxc6 24. Bxc6 Ne5 25. Bg2 Qb4 26. Qa2 a4 27. Bd2 Qb3 28.
Ra1 Nxc4 29. dxc4 Bxa1 30. Qxa1+ Kg8 31. Qc1 a3 32. c5 Qb2 0-1

[Event "Prva liga Centralne Srbije 2010"]
[Site "Valjevo"]
[Date "2010.09.22"]
[Round "7.3"]
[White "Nikolic, Dragovan"]
[Black "Organdziev, Oliver"]
[Result "1/2-1/2"]
[WhiteElo "2296"]
[BlackElo "2321"]
[PlyCount "159"]
[EventDate "2010.09.18"]

1. d4 d5 2. c4 Bf5 3. cxd5 Bxb1 4. Qa4+ Qd7 5. Qxd7+ Nxd7 6. Rxb1 Ngf6 7. Nf3
Nxd5 8. e3 e6 9. a3 a5 10. Bd2 Be7 11. Bd3 c6 12. Ke2 f5 13. h4 h6 14. h5 O-O
15. g3 Bd6 16. Bc4 N7f6 17. Be1 Rfe8 18. Bd3 a4 19. Rc1 Kf7 20. Nd2 Red8 21.
Nc4 Bc7 22. Ne5+ Bxe5 23. dxe5 Ng4 24. e4 fxe4 25. Bxe4 Nxe5 26. f4 Nd7 27. Bf2
Kg8 28. Bd4 N7f6 29. Bxf6 gxf6 30. Rc4 Rd6 31. Rhc1 f5 32. Bf3 Kf7 33. Kf2 Ke7
34. Bd1 Nf6 35. Ke1 Rg8 36. Rxa4 Rxg3 37. Kf2 Rgd3 38. Be2 Ne4+ 39. Rxe4 fxe4
40. Bxd3 exd3 41. Rg1 b6 42. Ke1 Rd5 43. Kd2 Rxh5 44. Kxd3 Rh3+ 45. Ke4 Rb3 46.
Rg7+ Kd6 47. Rg2 h5 48. Rd2+ Ke7 49. Rh2 Rb5 50. b4 Rd5 51. a4 Kd6 52. Ra2 Kc7
53. Rg2 c5 54. Rg7+ Kd6 55. b5 Rd4+ 56. Ke3 Rxa4 57. Rb7 Kd5 58. Rxb6 Ra3+ 59.
Ke2 Rb3 60. Rb8 h4 61. b6 h3 62. Kf2 Rb2+ 63. Kg1 Kc4 64. b7 Rg2+ 65. Kh1 Rg7
66. Kh2 Kb4 67. Kxh3 c4 68. Re8 Rxb7 69. Rxe6 Rc7 70. Re1 c3 71. Kg4 c2 72. Rc1
Kb3 73. f5 Kb2 74. Rxc2+ Rxc2 75. f6 Kc3 76. Kf5 Rf2+ 77. Ke6 Kd4 78. f7 Ke4
79. Ke7 Rxf7+ 80. Kxf7 1/2-1/2

[Event "Prva liga Centralne Srbije 2010"]
[Site "Valjevo"]
[Date "2010.09.22"]
[Round "7.3"]
[White "Andrejic, Vladica"]
[Black "Vuckovic, Branko"]
[Result "1/2-1/2"]
[WhiteElo "2163"]
[BlackElo "2243"]
[PlyCount "24"]
[EventDate "2010.09.18"]

1. e4 d5 2. exd5 Qxd5 3. Nc3 Qd6 4. d4 Nf6 5. Nf3 a6 6. Ne5 Nc6 7. Bf4 Qxd4 8.
Nxc6 Qxd1+ 9. Rxd1 bxc6 10. Bxc7 Bf5 11. Bd3 Bxd3 12. Rxd3 e6 1/2-1/2

[Event "Prva liga Centralne Srbije 2010"]
[Site "Valjevo"]
[Date "2010.09.22"]
[Round "7.4"]
[White "Kojovic, Dragan"]
[Black "Djukic, Zeljko"]
[Result "1/2-1/2"]
[WhiteElo "2388"]
[BlackElo "2382"]
[PlyCount "35"]
[EventDate "2010.09.18"]

1. e4 c5 2. Nc3 Nc6 3. f4 g6 4. Nf3 Bg7 5. Bb5 Nd4 6. Bd3 e6 7. Nxd4 cxd4 8.
Nb5 d6 9. c3 Ne7 10. Nxd4 Bxd4 11. Qa4+ Nc6 12. cxd4 O-O 13. Bb5 Bd7 14. d3 a6
15. Bxc6 Bxc6 16. Qc2 Rc8 17. Qe2 f5 18. exf5 1/2-1/2

[Event "Prva liga Centralne Srbije 2010"]
[Site "Valjevo"]
[Date "2010.09.22"]
[Round "7.4"]
[White "Mitrovic, Darko R"]
[Black "Solomunovic, Igor"]
[Result "1/2-1/2"]
[WhiteElo "2342"]
[BlackElo "2406"]
[PlyCount "57"]
[EventDate "2010.09.18"]

1. e4 c5 2. Nf3 g6 3. d4 Bg7 4. c3 Qc7 5. Bd3 d6 6. h3 Nf6 7. O-O O-O 8. Re1
Nc6 9. a3 e5 10. dxc5 dxc5 11. b4 Nh5 12. Bf1 Be6 13. Ng5 Rad8 14. Qa4 Bd7 15.
b5 Na5 16. c4 a6 17. Bd2 b6 18. Bxa5 bxa5 19. Nc3 axb5 20. cxb5 h6 21. Nf3 Nf4
22. Rab1 c4 23. Bxc4 Rc8 24. Nd2 Qd8 25. Nf3 Qc7 26. Nd2 Qd8 27. Nf3 Qc7 28.
Nd2 Qd8 29. Nf3 1/2-1/2

[Event "Prva liga Centralne Srbije 2010"]
[Site "Valjevo"]
[Date "2010.09.22"]
[Round "7.4"]
[White "Vratonjic, Slobo"]
[Black "Djokic, Vladan"]
[Result "1/2-1/2"]
[WhiteElo "2404"]
[BlackElo "2279"]
[PlyCount "149"]
[EventDate "2010.09.18"]

1. e4 c5 2. Nf3 e6 3. d3 Nc6 4. g3 d6 5. Bg2 Nf6 6. O-O Be7 7. Re1 e5 8. a3 O-O
9. c3 b5 10. a4 b4 11. Nbd2 Rb8 12. Nc4 bxc3 13. bxc3 Re8 14. h3 Ba6 15. Ne3
Bf8 16. Qc2 g6 17. Nd2 Bg7 18. a5 Re7 19. Ndc4 Reb7 20. Qa4 Bb5 21. Qa2 Ba6 22.
Bd2 Bh6 23. Bf3 Kg7 24. Kg2 Ng8 25. h4 f6 26. Bg4 f5 27. Bf3 f4 28. Ng4 fxg3
29. Bxh6+ Nxh6 30. fxg3 Nxg4 31. Bxg4 d5 32. exd5 Qxd5+ 33. Kh3 h5 34. Be2 Rf7
35. Ne3 Bc8+ 36. Kh2 Qd7 37. Bf1 e4 38. dxe4 Ne5 39. Kh1 Nf3 40. Red1 Qc7 41.
Qg2 Bb7 42. Bd3 Rd8 43. Bc2 Rxd1+ 44. Rxd1 Qxa5 45. Rf1 Ne5 46. Rxf7+ Nxf7 47.
Qd2 Qc7 48. Kh2 Qe5 49. Qd7 Qxc3 50. Ng2 Qxc2 51. Qxb7 c4 52. e5 Qe2 53. Qc7 a5
54. e6 Qxe6 55. Nf4 Qd6 56. Qxc4 Ne5 57. Qc3 Kh7 58. Qxa5 Nf3+ 59. Kg2 Nxh4+
60. gxh4 Qxf4 61. Qd8 Qg4+ 62. Kf2 Qe6 63. Kg3 Qe1+ 64. Kg2 Kg7 65. Qd4+ Kf7
66. Qd7+ Qe7 67. Qd4 Qe2+ 68. Kg3 Ke6 69. Qb6+ Kf5 70. Qb1+ Qe4 71. Qf1+ Ke5
72. Qb5+ Kd4 73. Qb4+ Ke5 74. Qe7+ Kd5 75. Qb7+ 1/2-1/2

[Event "Prva liga Centralne Srbije 2010"]
[Site "Valjevo"]
[Date "2010.09.22"]
[Round "7.4"]
[White "Kostic, Nebojsa"]
[Black "Rabrenovic, Vladan"]
[Result "1/2-1/2"]
[WhiteElo "2338"]
[BlackElo "2384"]
[PlyCount "82"]
[EventDate "2010.09.18"]

1. c4 c5 2. Nf3 Nc6 3. d4 cxd4 4. Nxd4 g6 5. e4 Nf6 6. Nc3 Nxd4 7. Qxd4 d6 8.
Bg5 Bg7 9. f3 O-O 10. Qd2 Be6 11. Rc1 Qa5 12. Nd5 Qxd2+ 13. Kxd2 Bxd5 14. cxd5
Rfc8 15. Be2 Kf8 16. Be3 a6 17. b4 e6 18. dxe6 fxe6 19. Kd3 Nd7 20. f4 Ke7 21.
Kd2 a5 22. bxa5 Rxc1 23. Rxc1 Rxa5 24. Rc2 Nc5 25. Bf3 b6 26. Ke2 Ra4 27. g4
Kd7 28. Bxc5 dxc5 29. Kf2 Bd4+ 30. Kg3 Ra3 31. g5 b5 32. Kg4 Kc6 33. e5+ Kb6
34. h4 Re3 35. Re2 Ra3 36. Be4 c4 37. h5 gxh5+ 38. Kxh5 Ra7 39. Kh6 Bc5 40. g6
hxg6 41. Kxg6 Re7 1/2-1/2

[Event "Prva liga Centralne Srbije 2010"]
[Site "Valjevo"]
[Date "2010.09.22"]
[Round "7.4"]
[White "Sredojevic, Ivan"]
[Black "Stankovic, Dejan"]
[Result "1-0"]
[WhiteElo "2390"]
[BlackElo "2240"]
[PlyCount "153"]
[EventDate "2010.09.18"]

1. e4 e5 2. Nf3 Nf6 3. Nxe5 d6 4. Nf3 Nxe4 5. d4 Be7 6. Bd3 Ng5 7. Nxg5 Bxg5 8.
Qe2+ Be7 9. Qh5 Nd7 10. Bc4 O-O 11. Nc3 Nf6 12. Qf3 c6 13. d5 b5 14. Bb3 b4 15.
Nd1 Bg4 16. Qd3 Bxd1 17. Qxd1 c5 18. O-O Nd7 19. a3 a5 20. Ba4 Ne5 21. f4 Nc4
22. Bc6 Rb8 23. axb4 axb4 24. Qe2 Nb6 25. Ra7 Bf6 26. Re1 Bd4+ 27. Kh1 Qf6 28.
Ra2 Qf5 29. g4 Qf6 30. Kg2 Qh4 31. Rf1 h6 32. Bd2 Qf6 33. Bc1 Qh4 34. h3 Rfc8
35. Ra7 Rf8 36. Rf3 Qf6 37. Ra2 Nc8 38. Qc4 Qg6 39. Qe2 Qf6 40. Qd3 Qd8 41. c3
Bf6 42. Ba4 g6 43. Bb5 Qb6 44. c4 Qd8 45. Bc6 Ne7 46. Ba4 Ra8 47. b3 Nc8 48.
Re2 Nb6 49. Bc6 Ra1 50. Be3 Kg7 51. Bf2 Rc1 52. Be1 Bc3 53. Bg3 Bd4 54. Be1 Bc3
55. Bg3 Bd4 56. f5 Rc3 57. Qe4 Rxf3 58. Qxf3 g5 59. Qe4 Bf6 60. Ra2 Qb8 61. Ra6
Rd8 62. Qe3 Bd4 63. Qe7 Bf6 64. Qb7 Nd7 65. Qxb8 Nxb8 66. Rb6 Be7 67. Rb7 Bf8
68. h4 Rc8 69. Bb5 Rd8 70. Kf3 Kf6 71. Bf2 Kg7 72. hxg5 hxg5 73. Be3 Kh6 74.
Rxf7 Bg7 75. Bxg5+ Kxg5 76. Rxg7+ Kf6 77. Rg6+ 1-0

[Event "Prva liga Centralne Srbije 2010"]
[Site "Valjevo"]
[Date "2010.09.22"]
[Round "7.4"]
[White "Keca, Dragomir"]
[Black "Lazic, Dragoljub"]
[Result "1/2-1/2"]
[WhiteElo "2185"]
[BlackElo "2319"]
[PlyCount "63"]
[EventDate "2010.09.18"]

1. c4 Nf6 2. Nc3 g6 3. g3 Bg7 4. Bg2 O-O 5. Nf3 d6 6. O-O e5 7. d3 Re8 8. e4
Bg4 9. h3 Bxf3 10. Bxf3 Nc6 11. Ne2 Nd7 12. Be3 Nc5 13. Qd2 a5 14. Bg2 Nb4 15.
Nc1 Ne6 16. Ne2 Nc6 17. h4 Ncd4 18. Nxd4 exd4 19. Bg5 f6 20. Bh6 Nc5 21. Bf4 c6
22. Rad1 Qe7 23. Bh3 Rec8 24. Rc1 Kh8 25. g4 Ne6 26. Bg3 g5 27. f4 gxf4 28.
Bxf4 Rg8 29. Bh2 Nc5 30. Rf5 Nd7 31. Rcf1 Ne5 32. Kh1 1/2-1/2

[Event "Prva liga Centralne Srbije 2010"]
[Site "Valjevo"]
[Date "2010.09.22"]
[Round "7.5"]
[White "Nestorovic, Nikola"]
[Black "Milenkovic, Mladen"]
[Result "1-0"]
[WhiteElo "2420"]
[BlackElo "2406"]
[PlyCount "131"]
[EventDate "2010.09.18"]

1. e4 c5 2. Nf3 d6 3. d4 cxd4 4. Nxd4 Nf6 5. Nc3 g6 6. Be3 Bg7 7. f3 O-O 8. Qd2
Nc6 9. g4 Be6 10. Nxe6 fxe6 11. O-O-O Ne5 12. Be2 Rc8 13. Nb5 a6 14. Nd4 Qd7
15. Kb1 d5 16. g5 Nh5 17. f4 Nc6 18. e5 Nxd4 19. Qxd4 b5 20. Rd2 Bh8 21. Bxh5
gxh5 22. b3 Qe8 23. h4 Rc6 24. Kb2 Qg6 25. Qd3 Kf7 26. c3 Qxd3 27. Rxd3 Kg6 28.
Bd2 Bg7 29. Rg1 Ra8 30. Rd4 Kf5 31. a4 Rb8 32. Rb4 Rcb6 33. axb5 Rxb5 34. Rxb5
Rxb5 35. Kc2 Rc5 36. Kd3 Rb5 37. Kc2 Rc5 38. Ra1 Rc6 39. Ra4 h6 40. Kd3 hxg5
41. hxg5 Rb6 42. b4 h4 43. Ke2 Rc6 44. Ra1 Kg6 45. Rh1 Kh5 46. Be1 Rc4 47.
Rxh4+ Kg6 48. Bd2 Kf5 49. Rh7 Kg6 50. Rh1 Kf5 51. Kd3 Rc6 52. Ra1 Kg6 53. Ra5
Kf7 54. Be3 Bf8 55. Bc5 Bg7 56. Kd4 Bf8 57. Kd3 Bg7 58. Bd4 Ke8 59. Kc2 Kd7 60.
Kb3 Kc8 61. Rc5 Kb7 62. Rxc6 Kxc6 63. Ka4 Kc7 64. Ka5 Kb7 65. Bc5 Bf8 66. g6
1-0